Normal view
MARC view
- Eastman, Charles M.
Entry Personal Name
001 - CONTROL NUMBER
- control field: 24770
003 - CONTROL NUMBER IDENTIFIER
- control field: NUST
005 - DATE AND TIME OF LATEST TRANSACTION
- control field: 20191025103807.0
008 - FIXED-LENGTH DATA ELEMENTS
- fixed length control field: 191025|| aca||aabn | a|a d
040 ## - CATALOGING SOURCE
- Original cataloging agency: NUST
- Transcribing agency: NUST
100 ## - HEADING--PERSONAL NAME
- Personal name: Eastman, Charles M.
670 ## - SOURCE DATA FOUND
- Source citation: Work cat.: (NUST): BIM handbook :, 2011.
